|
|
|
|
| LEADER |
01930nam a2200445 a 4500 |
| 001 |
000734043 |
| 003 |
CZ BrMZK |
| 005 |
20191101125925.0 |
| 007 |
ta |
| 008 |
040910s2004 xr a er 000 0 cze d |
| 015 |
|
|
|a cnb001412445
|
| 020 |
|
|
|a 80-7251-155-6
|q (brož.)
|
| 035 |
|
|
|a (OCoLC)85116443
|
| 040 |
|
|
|a BOA001
|b cze
|
| 072 |
|
7 |
|a 343
|x Trestní právo
|2 Konspekt
|9 16
|
| 080 |
|
|
|a 343.712:336.71
|2 MRF
|
| 080 |
|
|
|a 656.073.43
|2 MRF
|
| 080 |
|
|
|a 351.78:614.8
|2 MRF
|
| 080 |
|
|
|a 351.785
|2 MRF
|
| 080 |
|
|
|a (048.8)
|2 MRF
|
| 100 |
1 |
|
|a Nečas, Stanislav,
|d 1951-
|7 mzk2004252001
|4 aut
|
| 245 |
1 |
0 |
|a Loupežná přepadení pracovišť s peněžním provozem a jejich bezpečnost (policejní, kriminalistické a technické aspekty teorie a praxe ochrany osob a majetku) /
|c Stanislav Nečas, Milan Seiler a kolektiv
|
| 250 |
|
|
|a Vyd. 1.
|
| 260 |
|
|
|a Praha :
|b Policejní akademie České republiky,
|c 2004
|
| 300 |
|
|
|a 259 s. :
|b il. ;
|c 20 cm
|
| 500 |
|
|
|a 100 výt.
|
| 500 |
|
|
|a Dostupné též v digitální podobě v aplikaci Kramerius
|
| 504 |
|
|
|a Obsahuje bibliografii a bibliografické odkazy
|
| 550 |
|
|
|a Vydavatel: Policejní akademie České republiky. Katedra kriminalistiky. Oddělení vědy a výzkumu
|
| 650 |
0 |
7 |
|a bankovní loupeže
|7 ph258276
|2 czenas
|
| 650 |
0 |
7 |
|a přeprava peněz a cenností
|7 ph124909
|2 czenas
|
| 650 |
0 |
7 |
|a osobní bezpečnost
|7 ph123837
|2 czenas
|
| 650 |
0 |
7 |
|a ochrana objektů
|7 ph182330
|2 czenas
|
| 655 |
|
7 |
|a studie
|7 fd133597
|2 czenas
|
| 700 |
1 |
|
|a Seiler, Milan,
|d 1953-
|7 mzk2004250899
|4 aut
|
| 710 |
2 |
|
|a Policejní akademie České republiky.
|b Oddělení vědy a výzkumu
|7 mzk2004237509
|
| 856 |
4 |
1 |
|u http://www.digitalniknihovna.cz/mzk/uuid/uuid:38cf82d0-b6dd-11e6-a108-005056827e51
|y Digitalizovaný dokument
|x NDK
|
| 910 |
|
|
|a BOA001
|b 2-1139.738
|
| 990 |
|
|
|a BK
|
| 996 |
6 |
|
|b 2610228298
|c 2-1139.738
|l MZK
|r Sklad / do 1 hodiny
|n 1
|p p.v.
|w 000734043
|u 000010
|a 1
|e BOA001
|j MZK50
|s P
|